000 00430cam a22001575a 4500
001 J100831
008 000000s1920 xxk 000 0 eng u
035 _a(Sirsi) u100831
110 _aAuctioneers' and Estate Agents' Institute of the United Kingdom
_93789
245 _aExamination questions, March 1920.
260 _c1920
300 _a63p.
651 4 _aUnited Kingdom
_y
690 _aBusiness and management
942 _n0
999 _c99864
_d99864